000 01124cab a2200313 4500
001 ABS59048
008 090401t1998 xxu||||| |||| 00| 0 eng d
035 _a(Sirsi) u87778
041 _aeng
100 _aClarke, B.
245 4 _aThe key to claims under the EU Procurement Rules
260 _c1998
350 _a0
490 _aNew Law Journal
_v148(6849) 17 July 1998, 1065-1066(2)
520 _aConsiders the pre-conditions which have to be satisfied in order to bring an action to recover damages (or to seek an injunction) under the EU public procurement regulations. Discusses the case of " Keymed v Forest Health Care NHS Trust" which was concerned with a number of these pre-conditions.
650 _aBIDDERS
650 _aBREACH
650 _aEU
650 _aKEYMED V FOREST HEALTH CARE NHS TRUST
650 _aKNOWLEDGE
650 _aLIMITATION PERIOD
650 _aNOTICE OF INTENTION
650 _aPROCUREMENT REGULATIONS
650 _aPUBLIC SUPPLY CONTRACT REGULATIONS 1995 REG 29
650 _aTRIGGER DATE
690 _aEUROPE-SINGLE MARKET
942 _n0
948 _c31/07/1998
999 _c55385
_d55385